000 00546nam a2200205Ia 4500
003 OSt
005 20251110184614.0
008 210423s2003 xx 000 0 und d
040 _cAL
041 _aEnglish
082 _a370
_bFERP
100 _aGracy Fernandes
_9123342
245 _aPerceptions of faith education a survey study
260 _aMumbai
_bCollege of social work
_c2003
300 _a156p.
_bPB
_c25x18.3cm.
365 _cINR
440 _v1
906 _aeducation ; faith ; Perceptions ; study. ; survey
942 _2ddc
_cBK
999 _c174265
_d174265